| 000 | 00350nam a22001337a 4500 | ||
|---|---|---|---|
| 020 | _qHB. | ||
| 040 | _cFIZZA ISHAQ | ||
| 082 |
_a006.312 _bQUR |
||
| 100 |
_aMEMON,A.QURBAN. _991523 |
||
| 245 |
_aDATA SCIENCE THEORY ANALYSIS AND APPLICATIONS / _cQURBAN A. MEMON. |
||
| 260 |
_aNEW YORK ; _bCRC PRESS, _c2020. |
||
| 300 | _a325 P. ; | ||
| 942 |
_2ddc _cBK |
||
| 999 |
_c589648 _d589648 |
||